Weed control economics /

Bibliographic Details
Other Authors: Auld, B. A. (Bruce Archibald), 1945-, Menz, K. M., Tisdell, C. A. (Clement Allan)
Format: Book
Language:English
Published: London ; Orlando : Academic, 1987.
Series:Applied botany and crop science.
Subjects:

MARC

Tag First Indicator Second Indicator Subfields
LEADER 00000cam a22000008a 4500
001 in00000014350
005 20151007052208.0
008 870520s1987 enka b 00100 eng d
010 |a gb 87027982  
015 |a GB87-27982 
020 |a 0120682788 :  |c £27.00 (Nov.) 
035 |a (OCoLC)16088937 
035 |9 AAA6715AM 
040 |a UKM  |c UKM  |d m/c  |d TXA  |d UtOrBLW 
049 |a TXAM  |c [A12585283] 
050 1 0 |a HD1415 
050 4 |a HD1415  |b .W33 1987 
082 0 |a 338.1/6  |2 19 
245 0 0 |a Weed control economics /  |c [edited by] B.A. Auld, K.M. Menz, C.A. Tisdell. 
264 1 |a London ;  |a Orlando :  |b Academic,  |c 1987. 
300 |a ix, 177 pages :  |b illustrations ;  |c 23 cm. 
336 |a text  |b txt  |2 rdacontent 
337 |a unmediated  |b n  |2 rdamedia 
338 |a volume  |b nc  |2 rdacarrier 
490 1 |a Applied botany and crop science 
504 |a Includes bibliography and index. 
650 0 |a Weeds  |x Control  |x Economic aspects. 
700 1 |a Auld, B. A.  |q (Bruce Archibald),  |d 1945- 
700 1 |a Menz, K. M. 
700 1 |a Tisdell, C. A.  |q (Clement Allan) 
830 0 |a Applied botany and crop science. 
999 |a MARS 
999 f f |s e3958db0-10a9-330e-8b8c-52912aaa4f65  |i 5247d904-7ae0-326b-ae9e-63d0bc837958  |t 0 
952 f f |p ric  |a Texas A&M University  |b Rellis Campus  |c Joint Library Facility  |s JLF  |d Remote Storage  |t 0  |e HD1415 .W33 1987  |h Library of Congress classification  |i unmediated -- volume  |m A14812585283 
998 f f |a HD1415 .W33 1987  |t 0  |l Remote Storage